Asterix and the cauldron

Bibliographic Details
Format: Book
Published: London : Hodder Dargaud , 1969

MARC

LEADER 00000cam a2200000 7i4500
001 0000003445
002 000003713
005 20000330.0
020 |a 0340227117 
090 0 0 |a C   |b AST 
245 0 0 |a Asterix and the cauldron   |c Goscinny 
260 |a London :   |b Hodder Dargaud ,   |c 1969 
300 |a 48p. ;   |c 29cm. 
999 |a 036963   |b BUKU   |c CARTOON   |e PERPUSTAKAAN KOMUNITI PETALING JAYA